Statistics for 4303-南阿蘇鉄道の駅

Click here to take the quiz!

General Stats

  • This quiz has been taken 12 times
  • The average score is 8 of 10

Answer Stats

本線% Correct
立野
100%
高森
100%
南阿蘇水の生まれる里白水高原
88%
中松
88%
阿蘇白川
88%
阿蘇下田城
75%
見晴台
75%
長陽
63%
南阿蘇白川水源
63%
加勢
50%

Score Distribution

Percentile by Number Answered

Percent of People with Each Score

Your Score History

You have not taken this quiz